| 000 | 00407nam a22001577a 4500 | ||
|---|---|---|---|
| 020 | _a9789380536575 | ||
| 082 |
_a070.449 796 _bKCT/S |
||
| 100 |
_aK C Thakur _9172372 |
||
| 245 |
_aSports Journalism/ _cby K C Thakur |
||
| 260 |
_aNewdelhi: _bCyber Tech, _c2018. |
||
| 300 | _a304p. | ||
| 650 |
_aSports Journalism _9172373 |
||
| 650 |
_aSports News _9172374 |
||
| 650 |
_aJournalism _9172375 |
||
| 942 | _cBK | ||
| 999 |
_c142260 _d142260 |
||